000 00483nam a2200193Ia 4500
003 GCL
008 140319s9999 xx 000 0 eng d
040 _aGCL /
_cGCL
082 0 4 _a004.67
_bA H
100 1 _aAUSE, WAYNE
245 1 0 _aHOW TO USE THE WORLD WIDE WEB /
_cAUSE, WAYNE
700 1 _aARPAJIAN, SCOTT
260 _a[S.N] :
_bZIFF - DAVIS PRESS
300 _a223 P
650 0 4 _aشعر الحرب
650 0 4 _aWORLD WIDE WEB
650 0 4 _aINTERNET
942 _2ddc
_cBK
999 _c13685
_d13685